[Event "ISR-chT"]
[Site "Israel"]
[Date "1999.01.08"]
[Round "1"]
[White "Rabinovich, Alexander"]
[Black "Uritzky, Maxim"]
[Result "1-0"]
[WhiteElo "2460"]
[BlackElo "2420"]

1.d4 Nf6 2.Bg5 g6 3.Nc3 d5 4.Qd2 Nc6 5.O-O-O Bf5 6.f3 h6 7.Bf4 Bg7 8.g4 Bd7
9.h4 e6 10.Nh3 Ng8 11.e4 dxe4 12.Nb5 Rc8 13.Qh2 e5 14.dxe5 Qe7 15.Nf2 exf3
16.Nc3 Be6 17.Nfe4 f6 18.Bb5 a6 19.Ba4 b5 20.Nxb5 axb5 21.Bxb5 f5 22.Bxc6+ Kf8
23.gxf5 gxf5 24.Nc3 Rb8 25.Bd5 Bxd5 26.Nxd5 Qc5 27.Rd3 Ne7 28.Nxe7 Kxe7 29.Rg1 Qb4
30.Rxg7+ Ke6  1-0

[Event "BL2-W9899"]
[Site "Germany"]
[Date "1999.01.10"]
[Round "4.8"]
[White "Schmidt, Bodo"]
[Black "Rosen, Willy"]
[Result "1-0"]
[WhiteElo "2341"]
[BlackElo "2282"]

1.d4 Nf6 2.Bg5 c5 3.d5 e5 4.Nc3 d6 5.e4 Be7 6.Nf3 Bg4 7.Be3 Qa5 8.h3 Bh5
9.Qd3 a6 10.g4 Bg6 11.Nd2 b5 12.Bg2 Nbd7 13.O-O Rc8 14.Qe2 c4 15.a3 h5 16.g5 Nh7
17.h4 f6 18.Nf3 Qd8 19.Qd2 f5 20.Qe2 f4 21.Bd2 O-O 22.Bh3 Rb8 23.b4 cxb3
24.cxb3 Nc5 25.b4 Nb3 26.Rab1 Nd4 27.Qd3 Nxf3+ 28.Qxf3 Be8 29.Be6+ Kh8 30.Rbc1 g6
31.Ne2 Bxg5 32.hxg5 Nxg5 33.Qh1 Nxe6 34.dxe6 Qg5+ 35.Qg2 Qxg2+ 36.Kxg2 f3+
37.Kg3 fxe2 38.Rfe1 Rf6 39.e7 Kg8 40.Bg5 Re6 41.Rc7 Rb6 42.Rxe2 Rc6 43.Rxc6 Bxc6
44.Rc2 Be8 45.Rc8 Kf7 46.f3 Bd7 47.Rf8+ Kg7 48.Ra8 Kf7 49.Rf8+ Kg7 50.Kf2 Bc6
51.Ke3 Bd7 52.Kd3 Bc6 53.Rc8 Bd7 54.Rd8 Bc6 55.a4 bxa4 56.Kc4 a3 57.Kb3 Bb5
58.Kxa3 Kf7 59.Rf8+ Kg7 60.Kb3 Kh7 61.Kc3 Kg7 62.Kd2 Ba4 63.Kd3 Bb5+ 64.Kc3 Kh7
65.Bf6 g5 66.Bxg5 Kg6 67.Bh4 Kg7 68.Kd2 Bc6 69.Ke3 Kg6 70.Kf2 Kg7 71.Kg3 Rg6+
72.Kh3 Bd7+ 73.Kh2 Re6 74.Bg5 Kg6 75.Rg8+ Kh7 76.Rd8 Kg6 77.Bh4 Bb5 78.Kg3 Kh6
79.Rh8+ Kg6 80.Rc8 Kh6 81.Rh8+ Kg6 82.Kf2 Bc6 83.Ke3 Bb5 84.Kd2 Bc6 85.Kd3 Kg7
86.Rxh5 d5 87.exd5 Bxd5 88.Ke3 Bc6 89.Rg5+ Kf7 90.Rf5+ Kg6 91.Rf8 Kg7 92.Rc8 Kf7
93.Bg5 Bb5 94.Ke4 Rg6 95.Rf8+ Kg7 96.e8=Q Bxe8 97.Rxe8 Rxg5 98.Rxe5 Rg1 99.Kf5 Rb1
100.Re7+ Kf8 101.Rb7 a5 102.b5 a4 103.Kf6  1-0

[Event "BL2-O9899"]
[Site "Germany"]
[Date "1999.01.10"]
[Round "4.3"]
[White "Eiber, Manfred"]
[Black "Wernert, Wilfrid"]
[Result "1/2-1/2"]
[WhiteElo "2355"]
[BlackElo "2300"]

1.d4 Nf6 2.Bg5 d5 3.Bxf6 gxf6 4.c4 dxc4 5.e3 c5 6.Bxc4 cxd4 7.exd4 Nc6 8.Ne2 Bg7
9.Nbc3 O-O 10.O-O f5 11.d5 Ne5 12.Bb3 Qd6 13.h3 Bd7 14.Ba4 Rac8 15.Bxd7 Qxd7
16.Rc1 Rfd8 17.Qb3 Nc4 18.Rfd1 Bh6 19.Rc2 Nd6 20.Na4 Rxc2 21.Qxc2 Rc8 22.Nac3 Bg7
23.Qd3 Nc4 24.Qb1 Rc5  1/2-1/2

[Event "Hamburg IM"]
[Site "Hamburg"]
[Date "1999.01.12"]
[Round "1"]
[White "Lindinger, Markus"]
[Black "Petrosian, Suren"]
[Result "1/2-1/2"]
[WhiteElo "2290"]
[BlackElo "2375"]

1.d4 Nf6 2.Bg5 g6 3.Bxf6 exf6 4.g3 Bg7 5.Bg2 f5 6.e3 d6 7.Ne2 Nd7 8.c4 O-O
9.Nbc3 Re8 10.O-O Nf6 11.Qd3 c6 12.b4 Qe7 13.b5 Ne4 14.a4 a5 15.Rab1 Bh6
16.bxc6 bxc6 17.Rb6 Ra6 18.Rb8 Qc7 19.Rfb1 Nf6 20.e4 Nd7 21.R8b3 fxe4 22.Nxe4 f5
23.N4c3 Ra7 24.Qf3 Ra6  1/2-1/2

[Event "Linares Anibal op"]
[Site "Linares"]
[Date "1999.01.14"]
[Round "7"]
[White "Summerscale, Aaron"]
[Black "Georgiev, Vladimir"]
[Result "1/2-1/2"]
[WhiteElo "2455"]
[BlackElo "2540"]

1.d4 Nf6 2.Bg5 d5 3.e3 c5 4.Bxf6 gxf6 5.c4 cxd4 6.exd4 Nc6 7.Nc3 dxc4 8.Nf3 Bg4
9.Bxc4 Bg7 10.d5 Ne5 11.Bb5+ Kf8 12.Be2 Bxf3 13.Bxf3 Qb6 14.O-O Qxb2 15.Ne4 f5
16.Rb1 Nxf3+ 17.gxf3 Qd4 18.Ng3 Qxd1 19.Rfxd1 b6 20.Nxf5 Be5 21.Re1 Rg8+
22.Kh1 Bf6 23.h4 Ke8 24.Nxe7 Bxe7 25.d6 Rg6 26.Rxe7+ Kf8 27.Rd1 Rd8  1/2-1/2

[Event "Hamburg IM"]
[Site "Hamburg"]
[Date "1999.01.15"]
[Round "6"]
[White "Gustafsson, Jan"]
[Black "Bekker Jensen, David"]
[Result "1-0"]
[WhiteElo "2410"]
[BlackElo "2255"]

1.d4 Nf6 2.Bg5 g6 3.Bxf6 exf6 4.e3 b6 5.Be2 Bb7 6.Bf3 Bxf3 7.Qxf3 Nc6 8.Nc3 f5
9.Nge2 Bg7 10.h3 h5 11.Nf4 Ne7 12.O-O-O c6 13.g4 hxg4 14.hxg4 Rg8 15.Rh7 d5
16.gxf5 Nxf5 17.e4 Nxd4 18.Rxg7 Rxg7 19.Rxd4 Qf6 20.Rd3 O-O-O 21.exd5 g5
22.Qg4+  1-0

[Event "Ubeda op"]
[Site "Ubeda"]
[Date "1999.01.24"]
[Round "5"]
[White "Bjerring, Kai"]
[Black "Kunte, Abhijit"]
[Result "0-1"]
[WhiteElo "2335"]
[BlackElo "2505"]

1.d4 Nf6 2.Bg5 g6 3.Bxf6 exf6 4.Nf3 f5 5.h4 d6 6.Qd3 Nd7 7.h5 Nf6 8.hxg6 fxg6
9.Qb3 Qe7 10.Nc3 c6 11.e3 Bg7 12.O-O-O Be6 13.Bc4 d5 14.Bd3 Ne4 15.Rdf1 O-O-O
16.Nd2 h5 17.Qa4 Kb8 18.Ncxe4 fxe4 19.Be2 Rhf8 20.Qa3 Qxa3 21.bxa3 Rf7 22.g3 Bf8
23.Nb1 c5 24.c3 cxd4 25.cxd4 Bd6 26.f4 exf3 27.Rxf3 Rxf3 28.Bxf3 Rf8 29.Nd2 Bxg3
30.e4 dxe4 31.Bxe4 Rf2  0-1

[Event "Saintly Cup"]
[Site "Sydney"]
[Date "1999.01.25"]
[Round "4"]
[White "West, Guy"]
[Black "Solomon, Stephen J"]
[Result "1-0"]
[WhiteElo "2414"]
[BlackElo "2435"]

1.d4 Nf6 2.Bg5 c5 3.Nc3 Qb6 4.d5 Qxb2 5.Bd2 Qb6 6.e4 d6 7.Rb1 Qc7 8.f4 Bg4
9.Be2 Bxe2 10.Qxe2 e5 11.fxe5 dxe5 12.Qb5+ Nbd7 13.Qxb7 Qxb7 14.Rxb7 Kd8
15.Nf3 Kc8 16.Rb1 Be7 17.Bg5 Bd8 18.Bxf6 Nxf6 19.Rb5 Bb6 20.Ke2 Ne8 21.Nd2 Nd6
22.Rbb1 f6 23.Nb5 Nf7 24.Nc4 Kd7 25.Rb3 Rhb8 26.Rhb1 Bd8 27.Kd3 h5 28.Ne3 g6
29.Na3 Rxb3+ 30.Rxb3 Bc7 31.Nac4 Rb8 32.Ra3 Rb7 33.Ra6 Bd8 34.Nf1 Bb6 35.Nfd2 Nd6
36.a4 Bc7 37.Nb3 Nxc4 38.Nxc5+ Kc8 39.Kxc4 Rb2 40.Kc3 Rb1 41.Rxf6 Ba5+ 42.Kd3 Bb6
43.Rxg6 Kd8 44.Rd6+ Ke7 45.Re6+ Kf7 46.Nd7  1-0

[Event "Geneve op"]
[Site "Geneve"]
[Date "1999.01.27"]
[Round "5"]
[White "Lukasiewicz, Grzegorz"]
[Black "Schild, Christophe"]
[Result "1-0"]
[WhiteElo "2362"]
[BlackElo "2140"]

1.d4 Nf6 2.Bg5 c5 3.Bxf6 gxf6 4.d5 Qb6 5.Qc1 d6 6.e3 f5 7.Nd2 Bg7 8.c3 Nd7
9.Qc2 Nf6 10.Bc4 e6 11.dxe6 fxe6 12.Bd3 Qc6 13.Ngf3 b6 14.O-O Bb7 15.Qb3 Ke7
16.Rfe1 Ne4 17.Rad1 Rhg8 18.Nxe4 fxe4 19.Bb5 Qc8 20.Nd2 Be5 21.Qc2 Qf8 22.Bf1 Rg4
23.g3 d5 24.Bg2 Qf6 25.Qa4 h5 26.Nxe4 Qf5 27.f4 Bc7 28.Nf2 Rg7 29.e4 dxe4
30.Nxe4 Rd8 31.Rxd8 Kxd8 32.Ng5  1-0

[Event "Ubeda op"]
[Site "Ubeda"]
[Date "1999.01.28"]
[Round "9"]
[White "Yegiazarian, Arsen"]
[Black "Gaprindashvili, Valerian"]
[Result "1-0"]
[WhiteElo "2500"]
[BlackElo "2405"]

1.d4 Nf6 2.Bg5 c5 3.Bxf6 gxf6 4.d5 Qb6 5.Qc1 f5 6.g3 Na6 7.Bg2 Nc7 8.Nh3 Qh6
9.Nf4 e5 10.dxe6 fxe6 11.Qe3 d6 12.Nc3 Be7 13.Rd1 O-O 14.Ncd5 Nxd5 15.Bxd5 Rf6
16.O-O Rb8 17.Bg2 Kf8 18.Qa3 a6 19.c4 Bd7 20.b4 cxb4 21.Qxb4 Kf7 22.Qb1 Kg8
23.Rfe1 b5 24.e4 fxe4 25.Qxe4 Rbf8 26.Qb7 Rd8 27.c5 Qf8 28.c6 Bc8 29.Qa7 Re8
30.Qe3 d5 31.Bh3 Bc5 32.Qe5 Bd6 33.Qg5+ Kh8 34.Nxd5 Rh6 35.Bg2 e5 36.Ne3 Rf6
37.Re2 Bc5 38.Be4 b4 39.Rd5 Bd4 40.Rc2 Qf7 41.c7 h6 42.Qh4 Bxe3 43.fxe3 Rg8
44.h3 Kg7 45.Rd8 b3 46.Rf8 Qxf8 47.axb3 Qb4 48.Bg2 Qxh4 49.gxh4 Kf7 50.Rd2 Rfg6
51.Kh2  1-0

[Event "BL2-S9899"]
[Site "Germany"]
[Date "1999.01.31"]
[Round "5.3"]
[White "Teske, Henrik"]
[Black "Sick, Oliver"]
[Result "1-0"]
[WhiteElo "2500"]
[BlackElo "2350"]

1.d4 Nf6 2.Bg5 c5 3.Bxf6 gxf6 4.dxc5 e6 5.Nd2 Bxc5 6.Ne4 Qb6 7.Nxc5 Qxc5
8.c3 b6 9.Nf3 Bb7 10.g3 Bxf3 11.exf3 Nc6 12.f4 d5 13.Bg2 Qc4 14.Rc1 Rc8 15.b3 Qa6
16.c4 Qa5+ 17.Kf1 dxc4 18.Rxc4 Ne7 19.Rxc8+ Nxc8 20.Bc6+ Kf8 21.Kg2 Qc5 22.Bf3 Ke7
23.Qb1 Qc7 24.Rc1 Qd7 25.Rc6 Nd6 26.Qc2 Rc8 27.Rxc8 Qxc8 28.Qxh7 Qc3 29.Qb1 e5
30.fxe5 fxe5 31.h4 f5 32.h5 e4 33.Be2 Qe5 34.Qc1 Nf7 35.Bc4 Kf6 36.Bxf7 Kxf7
37.Qc6 Qf6 38.Qd7+ Kg8 39.Qxa7 Qg5 40.Qb8+ Kf7 41.Qf4 Qxh5 42.g4 Qxg4+ 43.Qxg4 fxg4
44.Kg3  1-0

[Event "BL2-N9899"]
[Site "Germany"]
[Date "1999.01.31"]
[Round "5.7"]
[White "Lorenz, Sascha"]
[Black "Brettschneider, Stefan"]
[Result "0-1"]
[WhiteElo "2280"]
[BlackElo "2230"]

1.d4 Nf6 2.Bg5 g6 3.Bxf6 exf6 4.e3 f5 5.g3 Bg7 6.Ne2 O-O 7.Bg2 d6 8.O-O Nd7
9.c4 a6 10.Nbc3 Rb8 11.b4 c5 12.Rb1 b6 13.Qd3 Bb7 14.Bxb7 Rxb7 15.Rfd1 cxd4
16.exd4 Re8 17.c5 bxc5 18.Qxa6 Rxb4 19.Rxb4 cxb4 20.Nd5 Qa8 21.Qxd6 Rxe2
22.Qxd7 Rxa2 23.Ne7+ Kh8 24.Nc6 b3 25.Rb1 Rb2 26.Kg2 h5 27.Kh3 g5 28.Ne7 Bf6
29.Qc6 g4+ 30.Kg2  0-1

[Event "Bundesliga 9899"]
[Site "Germany"]
[Date "1999.01.31"]
[Round "9.3"]
[White "Hall, Jesper"]
[Black "Kempinski, Robert"]
[Result "1-0"]
[WhiteElo "2486"]
[BlackElo "2533"]

1.d4 Nf6 2.Bg5 d5 3.Bxf6 exf6 4.e3 Bd6 5.c4 dxc4 6.Bxc4 O-O 7.Nc3 c5 8.Nge2 Nc6
9.O-O cxd4 10.exd4 Bg4 11.h3 Bxe2 12.Nxe2 Bc7 13.d5 Na5 14.Bd3 Qd6 15.g3 g6
16.Rc1 Rac8 17.Nc3 Bb6 18.Qf3 f5 19.b3 a6 20.Rfd1 Rfd8 21.Bf1 Qa3 22.Rc2 Qd6
23.Bg2 Ba7 24.Rcd2 b5 25.Ne2 Nb7 26.Nd4 Bxd4 27.Rxd4 Rc2 28.R4d2 Rdc8 29.Qe2 R2c3
30.Rd3 Rxd3 31.Qxd3 h5 32.Qd4 Re8 33.Rc1 Rd8 34.Qa7 Rd7 35.Rc6 Qe7 36.Qd4 Rd6
37.Kh2 Kh7 38.a4 bxa4 39.Qxa4 a5 40.Qc4 Rd7 41.Qa4 Nd6 42.Qxa5 Ne4 43.Qe1 h4
44.f3 hxg3+ 45.Kg1 Nf2 46.Qxe7 Rxe7 47.Rc1 Rd7 48.f4 Nd3 49.Rc4 Kg7 50.b4 Ne1
51.Rd4 Nc2 52.Rc4 Ne3 53.Rc3 Nxd5 54.Rd3 Nf6 55.Rxd7 Nxd7 56.Bc6 Nb8 57.Bb5 g5
58.fxg5 Kg6 59.Kg2 f4 60.h4 Kh5 61.Kh3 Kg6 62.Be8 Na6 63.b5 Nc7 64.b6 Na6
65.b7 Nb8 66.Bb5 Kh5 67.Bf1 Nd7 68.Bg2 f6 69.Bc6 g2 70.Bxd7  1-0

[Event "Yangon schev"]
[Site "Yangon"]
[Date "1999.02.06"]
[Round "7"]
[White "Than Soe Aung"]
[Black "Nyee Nyee Zaw"]
[Result "1/2-1/2"]
[WhiteElo "2502"]
[BlackElo "2487"]

1.d4 Nf6 2.Bg5 c5 3.d5 d6 4.c4 Ne4 5.Bc1 e5 6.g3 f5 7.Bg2 Nf6 8.Nh3 h6 9.Nc3 Be7
10.f3 O-O 11.Nf2 Na6 12.O-O Nc7 13.e4 Rb8 14.Qd3 fxe4 15.Nfxe4 Nxe4 16.Nxe4 b5
17.b3 Ba6 18.Rf2 bxc4 19.bxc4 Rb4 20.Rc2 Ne8 21.Bd2 Rb8 22.f4 exf4 23.Bxf4 Nf6
24.Re1  1/2-1/2

[Event "RUS-Cup03 (Geller mem)"]
[Site "Moscow"]
[Date "1999.02.08"]
[Round "7"]
[White "Chepukaitis, Genrikh"]
[Black "Zenin, Dmitri"]
[Result "0-1"]
[WhiteElo "2415"]
[BlackElo "2345"]

1.d4 Nf6 2.Bg5 c5 3.d5 d6 4.Nc3 Na6 5.e4 Nc7 6.a4 e5 7.Nf3 Be7 8.Be3 O-O
9.h3 b6 10.g4 a6 11.g5 Nfe8 12.Rg1 Rb8 13.h4 b5 14.Nd2 bxa4 15.Nc4 Nb5 16.Ne2 a3
17.b3 f5 18.exf5 Bxf5 19.Ng3 Nc3 20.Qd2 Ne4 21.Nxe4 Bxe4 22.Bd3 Bf3 23.Nxa3 Nc7
24.Bc4 Nb5 25.Be2 Be4 26.Rg4 Bg6 27.Ra4 Nd4 28.Bg4 Nf3+ 29.Bxf3 Rxf3 30.O-O-O Rh3
31.Qe2 Qc8 32.Kb2 Be8 33.Re4 a5 34.f4 Rxh4 35.Rc4 Qf5 36.Re1 a4 37.Qf2 Rg4
38.fxe5 Qxe5+ 39.Bd4 Qxg5 40.Bc3 Rg2 41.Qe3 axb3 42.Rf4 bxc2+ 43.Ka1 Qxd5
44.Bb2 c1=Q+  0-1

[Event "Goodricke 10th op"]
[Site "Calcutta"]
[Date "1999.02.15"]
[Round "10"]
[White "Yogesh, Gore"]
[Black "Vishveswaran, K."]
[Result "0-1"]
[WhiteElo "2320"]
[BlackElo "2270"]

1.d4 Nf6 2.Bg5 d5 3.Bxf6 exf6 4.e3 Bd6 5.Bd3 O-O 6.Nd2 Re8 7.Qf3 c5 8.dxc5 Bxc5
9.Nb3 Bb4+ 10.c3 Bf8 11.Rd1 Nc6 12.Bc2 Ne5 13.Qe2 a5 14.Nf3 a4 15.Nbd4 g6
16.h4 h5 17.Nxe5 fxe5 18.Nf3 Bg4 19.e4 d4 20.cxd4 exd4 21.Qd3 Qa5+ 22.Kf1 Bg7
23.Re1 Rac8 24.Ng5 Bd7 25.Qf3 Re7 26.Bd3 a3 27.b3 Rc3 28.b4 Qb6 29.Kg1 Bg4
30.Qg3 Be5 31.f4 Bxf4 32.Qxf4 Rxd3 33.Kh2 Qc7 34.e5 Re3 35.Rxe3 dxe3 36.Qxe3 f6
37.Nf3 Bxf3 38.Qxf3 Qxe5+ 39.Kh3 Rc7 40.Rd1 Kg7 41.Rd3 Rc1 42.g4 hxg4+ 43.Kxg4 Rc4+
44.Kh3 Qe6+ 45.Kg3 Qe1+ 46.Kg2 Rc2+ 47.Kh3 Qe6+ 48.Kg3 Qe5+ 49.Kg4 f5+ 50.Kg5 f4+  0-1

[Event "Cappelle op"]
[Site "Cappelle la Grande"]
[Date "1999.02.17"]
[Round "5"]
[White "Marcelin, Cyril"]
[Black "Akopian, Vladimir"]
[Result "0-1"]
[WhiteElo "2383"]
[BlackElo "2640"]

1.d4 Nf6 2.Bg5 c5 3.Bxf6 gxf6 4.d5 Qb6 5.Qc1 f5 6.g3 Bg7 7.c3 h5 8.h4 Qh6
9.e3 d6 10.Qc2 Na6 11.Qa4+ Bd7 12.Qb3 Nc7 13.Qxb7 Rc8 14.Nh3 O-O 15.Be2 Rfd8
16.O-O e6 17.dxe6 Nxe6 18.Qf3 Rb8 19.b3 f4 20.Nxf4 Nxf4 21.Qxf4 Qxf4 22.gxf4 d5
23.Nd2 Bxc3 24.Rad1 Bh3 25.Rfe1 d4 26.e4 d3 27.Bxh5 c4 28.Re3 Bxd2 29.Rxd2 c3
30.Rd1 c2 31.Rc1 Rbc8 32.Rxh3 d2 33.Rg3+ Kh7 34.Rxc2 Rxc2 35.Kg2 d1=Q 36.Bxd1 Rxd1
37.e5 Rdd2 38.Rf3 Rxa2 39.Kg3 Re2 40.Kg4 Rxf2 41.Rc3 Rac2  0-1

[Event "EST-chT"]
[Site "Tallinn"]
[Date "1999.02.28"]
[Round "4"]
[White "Neff, Sergei"]
[Black "Krupenski, Juri"]
[Result "1-0"]
[WhiteElo "2230"]
[BlackElo "2171"]

1.d4 Nf6 2.Bg5 g6 3.Nc3 d5 4.f3 Bg7 5.e4 c6 6.Qd2 h6 7.Be3 dxe4 8.fxe4 Ng4
9.Nf3 Nxe3 10.Qxe3 Qb6 11.e5 h5 12.O-O-O Bh6 13.Ng5 Bg4 14.Bc4 Bxg5 15.Qxg5 Bxd1
16.Rxd1 Na6 17.e6 O-O-O 18.exf7 Rxd4 19.Qxe7 Rxd1+ 20.Nxd1 Qd8 21.Qe6+ Kb8
22.Qxg6 Nc7 23.Ne3 b5 24.Bd3 Qe7 25.Kd2 c5 26.Nf5 Qd8 27.Qc6 Qg5+ 28.Kc3 c4
29.Be4 b4+ 30.Kxc4  1-0

[Event "EST-chT"]
[Site "Tallinn"]
[Date "1999.02.28"]
[Round "4"]
[White "Jemeljanov, Anatoli"]
[Black "Soot, Margus"]
[Result "0-1"]
[WhiteElo "2165"]
[BlackElo "2110"]

1.d4 d5 2.Bg5 Nf6 3.e3 e6 4.Nf3 Be7 5.c4 h6 6.Bh4 Ne4 7.Bxe7 Qxe7 8.Nc3 O-O
9.Nxe4 dxe4 10.Nd2 f5 11.f3 e5 12.Qe2 exd4 13.exd4 e3 14.Nb3 Qb4+ 15.Kd1 f4
16.Qe1 Qe7 17.Bd3 a5 18.Nc1 Nc6 19.Qc3 Rd8 20.d5 Ne5 21.Ke2 Qg5 22.Kf1 c6
23.Be4 b5 24.Nd3 Nxc4 25.dxc6 Nd2+ 26.Kg1 Bh3 27.Nxf4 Qxf4 28.c7 Rf8 29.Bxa8 Rxa8
30.Qc6 Rf8 31.Qd5+ Kh8 32.gxh3 Nxf3+ 33.Kf1 Nd4+  0-1

[Event "Bucharest TIT (Women)"]
[Site "Bucharest"]
[Date "1999.03.13"]
[Round "10"]
[White "Bogza, Adina"]
[Black "Voicu, Carmen"]
[Result "1-0"]
[WhiteElo "2190"]
[BlackElo "2156"]

1.d4 Nf6 2.Bg5 g6 3.Nd2 Bg7 4.e4 d6 5.Ngf3 c5 6.dxc5 dxc5 7.c3 O-O 8.Be2 Nc6
9.O-O Be6 10.Qc2 h6 11.Be3 b6 12.h3 Qc8 13.Rfe1 Nd7 14.a4 Na5 15.b3 Rd8 16.Rac1 c4
17.b4 Nb3 18.Nxb3 cxb3 19.Qb2 Qc6 20.Bb5 Qxe4 21.Bxh6 Qb7 22.Bxg7 Kxg7 23.Nd4 Rac8
24.Rxe6 fxe6 25.Nxe6+ Kh7 26.Nxd8 Rxd8 27.Qxb3 Rf8 28.Qe6 Nf6 29.Bc6 Qc7
30.Re1 Ng8 31.Qd7 Qf4 32.Qd4 Qc7 33.b5 Nf6 34.Qe5 Qxe5 35.Rxe5 Ng8 36.Bd5 Rf4
37.c4  1-0

[Event "NRW-Liga II 9899"]
[Site "GER"]
[Date "1999.03.16"]
[Round "7"]
[White "Hogenacker, Jacques"]
[Black "Hendriks, Willy"]
[Result "1/2-1/2"]
[WhiteElo "2305"]
[BlackElo "2390"]

1.d4 Nf6 2.Bg5 g6 3.Bxf6 exf6 4.g3 f5 5.e3 d6 6.Bg2 Nd7 7.c4 Nf6 8.Nc3 h5
9.h4 Bh6 10.Nge2 Qe7 11.Nd5 Nxd5 12.cxd5 Bd7 13.Qb3 O-O 14.Rc1 c5 15.dxc6 bxc6
16.O-O Rfc8 17.Rc2 Qd8 18.Qa3 Bf8 19.Rfc1 Qb6 20.Nf4 Rab8 21.Qa4 Rb7 22.Bxc6 Rxc6
23.Rxc6 Qxb2 24.Qc2 Bxc6 25.Qxc6 Rb6 26.Qc4 Rb4 27.Qc2 Qxc2 28.Rxc2 Rb5 29.Kf1 d5
30.Ke2 Bd6 31.Kd3 Bxf4 32.gxf4 Rb1 33.Kc3 Kg7 34.a4 a5 35.Rb2 Rxb2 36.Kxb2 f6
37.Kc3 g5 38.Kd2 g4  1/2-1/2

[Event "Bled op"]
[Site "Bled"]
[Date "1999.03.22"]
[Round "3"]
[White "Brumen, Dinko"]
[Black "Mazi, Leon"]
[Result "1/2-1/2"]
[WhiteElo "2309"]
[BlackElo "2405"]

1.d4 Nf6 2.Bg5 d5 3.Bxf6 exf6 4.e3 c6 5.g3 Be7 6.Bg2 f5 7.Ne2 Nd7 8.O-O O-O
9.Nd2 Nf6 10.c4 dxc4 11.Nxc4 Be6 12.Qc2 Nd5 13.b3 g6 14.a3 a5 15.Nc3 Qc7
16.Ne5 Nf6 17.Nd3 Bd6 18.Nc5 Bc8 19.b4 axb4 20.axb4 Rxa1 21.Rxa1 h5 22.b5 h4
23.bxc6 bxc6 24.Qa4 hxg3 25.hxg3 Bxg3 26.Qxc6 Qe7 27.Nd5 Nxd5 28.Qxd5 Re8
29.e4 Bd6 30.e5 Bb8 31.Ra8 Qc7 32.Qb3 Be6 33.d5 Qxc5 34.dxe6 Qe7 35.Bf1 Qg5+
36.Bg2 Qc1+ 37.Bf1 Qg5+ 38.Bg2 Qc1+  1/2-1/2

[Event "Bled op"]
[Site "Bled"]
[Date "1999.03.24"]
[Round "5"]
[White "Gustafsson, Jan"]
[Black "Maric, Alisa"]
[Result "1/2-1/2"]
[WhiteElo "2416"]
[BlackElo "2481"]

1.d4 Nf6 2.Bg5 d5 3.Bxf6 exf6 4.e3 Bd6 5.g3 c6 6.Nd2 Nd7 7.Bg2 f5 8.Ne2 Nf6
9.c4 dxc4 10.Nxc4 Bb4+ 11.Nc3 Be6 12.Qd3 Bd5 13.O-O Bxg2 14.Kxg2 g6 15.a3 Be7
16.b4  1/2-1/2

[Event "Bled op"]
[Site "Bled"]
[Date "1999.03.25"]
[Round "6"]
[White "Brumen, Dinko"]
[Black "Podlesnik, Bogdan"]
[Result "1-0"]
[WhiteElo "2309"]
[BlackElo "2409"]

1.d4 Nf6 2.Bg5 d5 3.Bxf6 gxf6 4.e3 c5 5.dxc5 e6 6.c4 dxc4 7.Qxd8+ Kxd8 8.Bxc4 Bxc5
9.Nc3 Bb4 10.Ne2 Bd7 11.a3 Ba5 12.b4 Bb6 13.O-O Ke7 14.Bb3 Rc8 15.Rfc1 a5
16.b5 Bc7 17.Nd4 Be5 18.f4 Bxd4 19.exd4 a4 20.Ba2 b6 21.Rc2 Kd8 22.Rac1 f5
23.d5 Rc7 24.dxe6 fxe6 25.Ne2 Raa7 26.Rxc7 Rxc7 27.Rxc7 Kxc7 28.Nc3 Kd6 29.Nxa4 Bxb5
30.Nxb6 Kc5 31.Nc8 Bd7 32.Ne7 Kd6 33.Ng8 Be8 34.Nf6 Bg6 35.g4 fxg4 36.Nxg4 Nc6
37.Ne3 Nd4 38.Kf2 Be8 39.Kg3 Nb5 40.Nc4+ Ke7 41.Bb3 Nd4 42.Bd1 Kf6 43.a4 Bc6
44.Ne5 Bb7 45.a5 Nf5+ 46.Kf2 Nh4 47.Bc2 Ng2 48.a6 Ba8 49.Nd7+ Kg7 50.Nb6 Bc6
51.Ba4 Be4 52.a7 Nxf4 53.Ke3 Nd5+ 54.Nxd5 Bxd5 55.Bc2  1-0

[Event "MI Festival"]
[Site "Bucharest"]
[Date "1999.03.30"]
[Round "11"]
[White "Covlea, Vlad"]
[Black "Glodeanu, Ion"]
[Result "1/2-1/2"]
[WhiteElo "2293"]
[BlackElo "2336"]

1.d4 d5 2.Bg5 Nf6 3.e3 Nbd7 4.Nf3 g6 5.Nbd2 Bg7 6.Bd3 O-O 7.O-O Re8 8.c4 dxc4
9.Bxc4 Nb6 10.Bb3 a5 11.a4 Nfd5 12.e4 Nb4 13.Nc4 Nxc4 14.Bxc4 h6 15.Be3  1/2-1/2

[Event "ISR-chT"]
[Site "Israel"]
[Date "1999.04.02"]
[Round "6"]
[White "Rabinovich, Alexander"]
[Black "Shvidler, Eliahu"]
[Result "0-1"]
[WhiteElo "2437"]
[BlackElo "2455"]

1.d4 Nf6 2.Bg5 c5 3.Nc3 cxd4 4.Qxd4 Nc6 5.Qh4 e6 6.O-O-O Be7 7.e4 O-O 8.f4 Ne8
9.Bxe7 Qxe7 10.Qxe7 Nxe7 11.Nf3 Nc7 12.Bc4 Rb8 13.a4 a6 14.Ne5 Rd8 15.f5 d5
16.Rhf1 f6 17.Nf3 b5 18.Bb3 b4 19.Ne2 Bb7 20.fxe6 Nxe6 21.exd5 Bxd5 22.Rxd5 Nxd5
23.Rd1 Ndc7 24.Nfd4 Rb6 25.a5 Rbd6 26.Rd3 Kf7 27.Nxe6 Nxe6 28.Nf4 Rxd3 29.cxd3 Rd6
30.Kd2 Ke7 31.Nxe6 Rxe6 32.Bxe6 Kxe6 33.d4 Kd5 34.Kd3 f5 35.g3 g6 36.h4 h6
37.Ke3 g5 38.h5 Kc4 39.g4 f4+  0-1

[Event "Dreifluesse op 7th"]
[Site "Passau"]
[Date "1999.04.02"]
[Round "2"]
[White "Pflug, Matthias"]
[Black "Hirn, Erwin"]
[Result "0-1"]
[WhiteElo "2210"]
[BlackElo "1990"]

1.d4 d5 2.Bg5 Nf6 3.Bxf6 exf6 4.e3 Bf5 5.c4 Bxb1 6.Qxb1 Bb4+ 7.Kd1 dxc4 8.Qe4+ Be7
9.Qxb7 Nd7 10.Bxc4 Rb8 11.Qd5 O-O 12.b3 c5 13.dxc5 Bxc5 14.Ke2 Qe7 15.Bd3 Rfe8
16.Kf1 Ne5 17.Qe4 f5 18.Qxf5 g6 19.Qe4 Rb4 20.Bc4 Qf8 21.Qc2 Nxc4 22.bxc4 Reb8
23.Ne2 Rb2 24.Qc3 Qd6 25.Nc1 Qd1+ 26.Qe1 Rd8 27.Nb3 Qd3+ 28.Kg1 Bb4 29.Qf1 Qe4
30.h3 Rd3 31.Rb1 Rdxb3 32.Rc1 Rxe3 33.c5 Bxc5  0-1

[Event "Redbus KO"]
[Site "Southend"]
[Date "1999.04.02"]
[Round "1.2"]
[White "Rowson, Jonathan"]
[Black "Sheldon, Ruth"]
[Result "0-1"]
[WhiteElo "2494"]
[BlackElo "2265"]

1.d4 Nf6 2.Bg5 d5 3.Nd2 Nbd7 4.e3 g6 5.Ngf3 Bg7 6.Be2 O-O 7.O-O Re8 8.c3 e5
9.Nb3 c6 10.Rc1 a5 11.c4 a4 12.Nbd2 Qb6 13.cxd5 cxd5 14.dxe5 Nxe5 15.Nxe5 Rxe5
16.Nf3 Re8 17.Qd4 Qe6 18.Qb4 Bf8 19.Qd4 Ne4 20.Bf4 Bd7 21.Rfd1 Bc6 22.Qb6 Qf6
23.Qd4 Qe7 24.Qb6 h5 25.Be5 Nd6 26.Bxd6 Qxd6 27.a3 Bg7 28.Nd4 Rac8 29.Bf3 Be5
30.h3 Qf6 31.Be2 Bc7 32.Qb4 Bd6 33.Qb6 Qe5 34.Nf3 Qf6 35.Qd4 Qe7 36.h4 Bb8
37.Bf1 Qd6 38.Qc5 Qc7 39.g3 Re4 40.Bh3 Rce8 41.Rd3 Rc4 42.Rxc4 dxc4 43.Qxc4 Bxf3
44.Qxc7 Bxc7 45.Bg2 Bxg2 46.Kxg2 Be5 47.b3 axb3 48.Rxb3 Re7 49.Kf3 Bd6 50.a4 Kg7
51.a5 Kf8 52.a6 bxa6 53.Rb6 Bc5 54.Rxa6 Rb7 55.Ra5 Bb4 56.Ra2 Bc3 57.Rc2 Bf6
58.Ke4 Kg7 59.Rc8 Rb2 60.Kf3 Be7 61.Rc7 Bb4 62.Rc1 Bd2 63.Rf1 Kf6 64.Ke2 Bb4+
65.Kf3 Ke5 66.Rc1 Kd5 67.Rg1 Rc2 68.Rd1+ Kc4 69.Rb1 Bc3 70.Rf1 Bd2 71.Ke2 Bc3+
72.Kf3 Kb3 73.Rb1+ Rb2 74.Rg1 Kc2 75.Ra1 Kd3 76.Rd1+ Bd2 77.Ra1 Rc2 78.Rb1 Rc6
79.Rb3+ Bc3 80.Ra3 Rf6+ 81.Kg2 Kc2 82.Kf1 Bb4 83.Ra4 Bd2 84.Ke2 Bc3 85.Ra7 Rf5
86.f4 Rf6 87.Rc7 Kb3 88.Kf3 Be5 89.Rd7 Kc4 90.e4 Bd4 91.Rc7+ Kd3 92.Rd7 Re6
93.Rxf7 Rxe4 94.f5 Re3+ 95.Kg2 Be5 96.Rd7+ Ke4 97.fxg6 Rxg3+ 98.Kf2 Rxg6
99.Rh7 Rf6+ 100.Kg2 Rf5 101.Rh6 Bf6 102.Kg3 Be5+ 103.Kg2 Kf4 104.Rg6 Bf6
105.Kh3 Bd8 106.Rg8 Rd5 107.Rf8+ Ke5 108.Rh8 Kf6 109.Rf8+ Kg6 110.Rf4 Rd1
111.Rc4 Bf6 112.Ra4 Rd2 113.Kg3 Kf5 114.Rf4+ Kg6 115.Ra4 Be5+ 116.Kf3 Kf5
117.Rf4+ Ke6 118.Ra4 Rd3+ 119.Kf2 Kf5 120.Rc4 Rg3 121.Rc8 Rg4 122.Rf8+ Bf6  0-1

[Event "Neckar op 3rd"]
[Site "Deizisau"]
[Date "1999.04.04"]
[Round "6"]
[White "Gerstner, Wolfgang"]
[Black "Zabystrzan, Pavel"]
[Result "1-0"]
[WhiteElo "2365"]
[BlackElo "2325"]

1.d4 Nf6 2.Bg5 c5 3.Bxf6 gxf6 4.d5 Qb6 5.Qc1 Bh6 6.e3 f5 7.c4 Qa5+ 8.Nc3 d6
9.Bd3 Nd7 10.Nf3 Nf6 11.O-O e5 12.dxe6 fxe6 13.Qc2 Bd7 14.e4 Bc6 15.Rfe1 O-O-O
16.e5 dxe5 17.Nxe5 Qc7 18.Nxc6 Ng4 19.Nxa7+ Kb8 20.g3 f4 21.Nab5 Qf7 22.Qa4 Rxd3
23.Qa7+ Kc8 24.Rad1 Nxf2 25.Qa8+ Kd7 26.Rxd3+  1-0

[Event "Mar del Plata op 30th"]
[Site "Mar del Plata"]
[Date "1999.04.04"]
[Round "9"]
[White "Amura, Claudia Noemi"]
[Black "Needleman, Alejandro"]
[Result "1-0"]
[WhiteElo "2355"]
[BlackElo "2359"]

1.d4 Nf6 2.Bg5 g6 3.Bxf6 exf6 4.e3 d5 5.c4 dxc4 6.Bxc4 Bd6 7.Nc3 O-O 8.Qf3 c5
9.Nge2 cxd4 10.Nxd4 Nd7 11.Qe2 Ne5 12.Bb3 Qa5 13.h3 b6 14.O-O Ba6 15.Ndb5 Rac8
16.a4 Bb4 17.Nd5 Kg7 18.Rfd1 Rfd8 19.Ndc7 Rxd1+ 20.Qxd1 Bc5 21.Kh1 Bxb5 22.axb5 Rd8
23.Qxd8 Qxa1+ 24.Kh2 Qxb2 25.Ne8+ Kh6 26.Qxf6 Be7 27.Qxe7 Nf3+ 28.Kg3 Qxb3
29.gxf3 Qxb5 30.Qf8+ Kh5 31.f4  1-0

[Event "Dreifluesse op 7th"]
[Site "Passau"]
[Date "1999.04.04"]
[Round "6"]
[White "Kuebler, Uwe"]
[Black "Heisler, Bernhard"]
[Result "1/2-1/2"]
[WhiteElo "1979"]
[BlackElo "1693"]

1.d4 Nf6 2.Bg5 g6 3.Bxf6 exf6 4.e4 Bg7 5.Nf3 O-O 6.Bd3 Nc6 7.c3 d6 8.O-O Ne7
9.Re1 c5 10.Nbd2 f5 11.exf5 Nxf5 12.dxc5 dxc5 13.Be4 Be6 14.Nb3 Qb6 15.Ng5 Rad8
16.Qc2 c4 17.Nd2 Bh6 18.Ndf3 Bc8 19.Rad1 Qf6 20.Bxf5 Bxf5 21.Ne4 Qb6 22.Nd4 Rfe8
23.Nxf5 gxf5 24.Rxd8 Rxd8 25.Ng3 f4 26.Nf5 Bf8 27.b3 cxb3 28.axb3 Qg6  1/2-1/2